| 000 | 03078cam a22004818i 4500 | ||
|---|---|---|---|
| 001 | 9781003365013 | ||
| 003 | FlBoTFG | ||
| 005 | 20250131102542.0 | ||
| 006 | m o d | ||
| 007 | cr ||||||||||| | ||
| 008 | 230720s2024 enk ob 001 0 eng | ||
| 020 | _a1003365019 | ||
| 020 |
_a9781003809401 _q(electronic bk. : PDF) |
||
| 020 |
_a1003809405 _q(electronic bk. : PDF) |
||
| 020 |
_a9781003809456 _q(electronic bk. : EPUB) |
||
| 020 |
_a1003809456 _q(electronic bk. : EPUB) |
||
| 020 |
_a9781003365013 _q(electronic bk.) |
||
| 020 |
_z9781032429410 _q(hardback) |
||
| 020 |
_z9781032429434 _q(paperback) |
||
| 024 | 7 |
_a10.4324/9781003365013 _2doi |
|
| 040 |
_aKO _beng |
||
| 041 | 0 | _aeng | |
| 082 | 0 | 0 |
_a387.1 _223/eng/20231023 |
| 245 | 0 | 0 |
_aMaritime ports, inland corridors and logistics / _cedited by Cyrille Bertelle, Nathan Gouin, and Antoine Frémont. |
| 264 | 1 |
_aAbingdon, Oxon ; _aNew York, NY : _bRoutledge, _c2024. |
|
| 300 | _a1 online resource. | ||
| 490 | 0 | _aRoutledge studies in transport analysis | |
| 520 |
_a"This book aims to highlight the interrelations between maritime ports, inland corridors and logistics. Inland corridors could be defined as major arteries for inland transportation from and to the maritime port. They link together one or several ports located on the maritime range with one or several major inland metropolitan areas. The efficiency of international supply chains depends not only on the smooth operations in the port but also on the efficiency of inland distribution in terms of cost, reliability, added value services for the goods, safety and finally the environment. With contributions from international experts, the book offers a transversal perspective on logistics corridor development using case studies on the Seine Axis, amongst others. Organised into four key sections, the book highlights the interrelations between ports and corridors using both empirical and theoretical research from various disciplines, including engineering as well as human and social sciences. Maritime Ports, Inland Corridors and Logistics will be directly relevant to a wide variety of scholars and postgraduate researchers in the fields of transport studies and management, maritime logistics, supply chain management and international logistics as well as industrial engineering, geography, economics and political science"-- _cProvided by publisher. |
||
| 650 | 0 | _aHarbors. | |
| 650 | 0 | _aBusiness logistics. | |
| 650 | 7 |
_aBUSINESS & ECONOMICS / General _2bisacsh |
|
| 650 | 7 |
_aBUSINESS & ECONOMICS / Exports & Imports _2bisacsh |
|
| 650 | 7 |
_aBUSINESS & ECONOMICS / Operations Research _2bisacsh |
|
| 700 | 1 |
_aBertelle, C. _q(Cyrille), _eeditor. |
|
| 700 | 1 |
_aGouin, Nathan, _eeditor. |
|
| 700 | 1 |
_aFrémont, Antoine, _eeditor. |
|
| 856 | 4 | 0 |
_3Taylor & Francis _uhttps://www.taylorfrancis.com/books/9781003365013 |
| 856 | 4 | 2 |
_3OCLC metadata license agreement _uhttp://www.oclc.org/content/dam/oclc/forms/terms/vbrl-201703.pdf |
| 904 | _aRUDRA_R | ||
| 905 | _aR_RANJAN | ||
| 942 |
_2 ddc _cEB |
||
| 999 |
_c3147 _d3147 |
||